Insults - sudden death - Statistics

General Stats
  • This quiz has been taken 708 times
  • The average score is 12 of 36
Answers on the Grid
Answers color-coded by a green-red scale on the quiz's grid according to % correct below.
Egotistical
Pompous
Viperish
Lovely
Obnoxious
Acceptable
Domineering
Valiant
Contemptible
Rad
Didactic
Vulgar
Deceitful
Unscrupulous
Duplicitous
Petulant
Malevolent
Feckless
Devious
Insufferable
Callous
Intrepid
Perspicacious
Fatuous
Peevish
Manipulative
Spineless
Arcadian
Machiavellian
Unctuous
Tactless
Diligent
Nettlesome
Merciless
Tyrannical
Upbeat
Calculating
Concomitant
Sycophantic
Liar
Venal
Churlish
Conceited
Vindictive
Truculent
Foolishness
Querulous
Excretable
Magnanimous
Febrile
Irascible
Predisposing
 
Answer Stats
Answer % Correct
Egotistical
80%
Obnoxious
79%
Vulgar
65%
Pompous
62%
Deceitful
61%
Insufferable
55%
Devious
54%
Malevolent
53%
Domineering
47%
Manipulative
47%
Callous
46%
Merciless
45%
Tyrannical
45%
Unscrupulous
43%
Contemptible
42%
Petulant
42%
Tactless
42%
Spineless
41%
Viperish
38%
Peevish
33%
Machiavellian
31%
Calculating
26%
Duplicitous
25%
Feckless
25%
Sycophantic
19%
Nettlesome
18%
Churlish
12%
Fatuous
11%
Vindictive
11%
Conceited
10%
Unctuous
8%
Venal
8%
Truculent
7%
Irascible
4%
Querulous
3%
Excretable
2%
No matching quizzes found
Score Distribution
Percent of People with Each Score
Percentile by Number Answered
Your Score History
You have not taken this quiz